000 00377nam a2200157Ia 4500
008 230917s9999||||xx |||||||||||||| ||und||
040 _e82577
_aMAIN
041 _aEnglish
082 _a910.02 S82M
100 _aStrahler, Arthur N
245 0 _aModern physical geography
250 _a2nd ed.
260 _aNew York
_bJohn Wiley
_c1983
300 _ax, 532 p.
942 _cBK
999 _c37788
_d37788